[Event "Test Tournament"]
[Site "Emanuel Lasker Arena"]
[Date "2024.04.09"]
[Round "3"]
[White "Jamie Fraser"]
[Black "Toby Ziegler"]
[Result "1-0"]
[WhiteElo "2119"]
[BlackElo "2064"]
[Annotator "RC"]
[PlyCount "111"]
[EventDate "2024.04.09"]
[EventType "swiss (blitz)"]

1. e4 {[%emt 0:00:01]} e5 {[%emt 0:00:01]} 2. Nf3 {[%emt 0:00:01]} Nc6 {[%emt 0:00:01]} 3. Bb5 {[%emt 0:00:01]} a6 {[%emt 0:00:01]} 4. Ba4 {[%emt 0:00:01]} Nf6 {[%emt 0:00:01]} 5. O-O {[%emt 0:00:01]} Be7 {[%emt 0:00:01]} 6. d3 {[%emt 0:00:04]} b5 {[%emt 0:00:01]} 7. Bb3 {[%emt 0:00:01]} d6 {[%emt 0:00:01]} 8. a4 {[%emt 0:00:01]} b4 {[%emt 0:00:01]} 9. Nbd2 {[%emt 0:00:05]} O-O {[%emt 0:00:01]} 10. Re1 {[%emt 0:00:01]} Na5 {[%emt 0:00:01]} 11. Ba2 {[%emt 0:00:01]} Be6 {[%emt 0:00:04]} 12. Bxe6 {[%emt 0:00:01]} fxe6 {[%emt 0:00:01]} 13. d4 {[%emt 0:00:01]} exd4 {[%emt 0:00:01]} 14. Nxd4 {[%emt 0:00:01]} Qd7 {[%emt 0:00:01]} 15. Qe2 {[%emt 0:00:02]} c5 {[%emt 0:00:02]} 16. N2b3 {[%emt 0:00:03]} e5 {[%emt 0:00:06]} 17. Nf5 {[%emt 0:00:03]} Bd8 {[%emt 0:00:03]} 18. Bg5 {[%emt 0:00:03]} Nxe4 {[%emt 0:00:01]} 19. Qxe4 {[%emt 0:00:01]} Qxf5 {[%emt 0:00:01]} 20. Qxa8 {[%emt 0:00:01]} Qxf2+ {[%emt 0:00:01]} 21. Kh1 {[%emt 0:00:00]} Nxb3 {[%emt 0:00:01]} 22. cxb3 {[%emt 0:00:01]} Bxg5 {[%emt 0:00:01]} 23. Qb7 {[%emt 0:00:03]} Kh8 {[%emt 0:00:02]} 24. h3 {[%emt 0:00:01]} a5 {[%emt 0:00:02]} 25. Rf1 {[%emt 0:00:02]} Qxf1+ {[%emt 0:00:01]} 26. Rxf1 {[%emt 0:00:01]} Rxf1+ {[%emt 0:00:01]} 27. Kh2 {[%emt 0:00:00]} h6 {[%emt 0:00:02]} 28. h4 {[%emt 0:00:02]} Bf4+ {[%emt 0:00:02]} 29. g3 {[%emt 0:00:01]} Rf2+ {[%emt 0:00:02]} 30. Kh3 {[%emt 0:00:01]} Bc1 {[%emt 0:00:01]} 31. h5 {[%emt 0:00:01]} Kh7 {[%emt 0:00:01]} 32. Qe4+ {[%emt 0:00:01]} Kh8 {[%emt 0:00:01]} 33. Qc6 {[%emt 0:00:01]} e4 {[%emt 0:00:01]} 34. Qe8+ {[%emt 0:00:01]} Kh7 {[%emt 0:00:01]} 35. Qxe4+ {[%emt 0:00:01]} Kh8 {[%emt 0:00:01]} 36. Qe1 {[%emt 0:00:01]} Rxb2 {[%emt 0:00:01]} 37. Qe6 {[%emt 0:00:01]} Bg5 {[%emt 0:00:01]} 38. Qxd6 {[%emt 0:00:01]} Rxb3 {[%emt 0:00:01]} 39. Qxc5 {[%emt 0:00:01]} Ra3 {[%emt 0:00:01]} 40. Qe5 {[%emt 0:00:01]} b3 {[%emt 0:00:01]} 41. Qe8+ {[%emt 0:00:01]} Kh7 {[%emt 0:00:01]} 42. Qe6 {[%emt 0:00:01]} b2 {[%emt 0:00:01]} 43. Qf5+ {[%emt 0:00:01]} Kg8 {[%emt 0:00:01]} 44. Qc8+ {[%emt 0:00:01]} Kh7 {[%emt 0:00:01]} 45. Qc1 {[%emt 0:00:00]} Rxa4 {[%emt 0:00:01]} 46. Qc2+ {[%emt 0:00:00]} Kh8 {[%emt 0:00:00]} 47. Qxb2 {[%emt 0:00:01]} Rb4 {[%emt 0:00:01]} 48. Qe5 {[%emt 0:00:00]} a4 {[%emt 0:00:01]} 49. Qd6 {[%emt 0:00:01]} Rb7 {[%emt 0:00:01]} 50. Qf8+ {[%emt 0:00:01]} Kh7 {[%emt 0:00:01]} 51. Qe8 {[%emt 0:00:01]} Rb6 {[%emt 0:00:01]} 52. Kg4 {[%emt 0:00:01]} a3 {[%emt 0:00:01]} 53. Qf8 {[%emt 0:00:00]} a2 {[%emt 0:00:00]} 54. Qf5+ {[%emt 0:00:00]} Kg8 {[%emt 0:00:01]} 55. Qa5 {[%emt 0:00:00]} Rb2 {[%emt 0:00:01] '} 56. Qa6 {[%emt 0:00:00] (Lag: Av=0.06s, max=0.5s)} 1-0

[Event "Test Tournament"]
[Site "Emanuel Lasker Arena"]
[Date "2024.04.09"]
[Round "3"]
[White "Jamie Fraser"]
[Black "RCFlyer"]
[Result "0-1"]
[WhiteElo "2119"]
[BlackElo "1977"]
[Annotator "RC"]
[PlyCount "102"]
[EventDate "2024.04.09"]
[EventType "swiss (blitz)"]

1. e4 {[%emt 0:00:01]} c5 {[%emt 0:00:01]} 2. Nf3 {[%emt 0:00:01]} d6 {[%emt 0:00:01]} 3. d4 {[%emt 0:00:01]} cxd4 {[%emt 0:00:01]} 4. Nxd4 {[%emt 0:00:01]} Nf6 {[%emt 0:00:01]} 5. Nc3 {[%emt 0:00:01]} g6 {[%emt 0:00:01]} 6. Be3 {[%emt 0:00:01]} Bg7 {[%emt 0:00:01]} 7. f3 {[%emt 0:00:01]} Nc6 {[%emt 0:00:01]} 8. Qd2 {[%emt 0:00:01]} O-O {[%emt 0:00:01]} 9. O-O-O {[%emt 0:00:01]} Bd7 {[%emt 0:00:01]} 10. g4 {[%emt 0:00:01]} h5 {[%emt 0:00:01]} 11. Nf5 {[%emt 0:00:02]} gxf5 {[%emt 0:00:01]} 12. gxf5 {[%emt 0:00:01]} d5 {[%emt 0:00:02]} 13. Rg1 {[%emt 0:00:01]} Qa5 {[%emt 0:00:01]} 14. Qg2 {[%emt 0:00:04]} Ng4 {[%emt 0:00:04]} 15. fxg4 {[%emt 0:00:01]} Bxc3 {[%emt 0:00:01]} 16. bxc3 {[%emt 0:00:01]} Qxc3 {[%emt 0:00:00]} 17. gxh5+ {[%emt 0:00:01]} Kh7 {[%emt 0:00:01]} 18. Qg5 {[%emt 0:00:03]} Qa1+ {[%emt 0:00:03]} 19. Kd2 {[%emt 0:00:00]} Qf6 {[%emt 0:00:01]} 20. Qxf6 {[%emt 0:00:01]} exf6 {[%emt 0:00:01]} 21. exd5 {[%emt 0:00:01]} Ne5 {[%emt 0:00:03]} 22. Kc3 {[%emt 0:00:03]} Rfe8 {[%emt 0:00:03]} 23. d6 {[%emt 0:00:03]} b5 {[%emt 0:00:02]} 24. Rd5 {[%emt 0:00:02]} Nf3 {[%emt 0:00:02]} 25. Bd4 {[%emt 0:00:02]} Rac8+ {[%emt 0:00:03]} 26. Kb3 {[%emt 0:00:02]} Bc6 {[%emt 0:00:02]} 27. d7 {[%emt 0:00:01]} Bxd5+ {[%emt 0:00:01]} 28. Kb4 {[%emt 0:00:02]} Nxd4 {[%emt 0:00:01]} 29. dxe8=B {[%emt 0:00:02]} Rxe8 {[%emt 0:00:01]} 30. Kc5 {[%emt 0:00:02]} Nf3 {[%emt 0:00:01]} 31. Bxb5 {[%emt 0:00:01]} Rc8+ {[%emt 0:00:01]} 32. Kxd5 {[%emt 0:00:01]} Nxg1 {[%emt 0:00:01]} 33. c4 {[%emt 0:00:01]} Rd8+ {[%emt 0:00:01]} 34. Kc6 {[%emt 0:00:01]} Rd2 {[%emt 0:00:01]} 35. c5 {[%emt 0:00:01]} Nf3 {[%emt 0:00:01]} 36. a4 {[%emt 0:00:01]} Ne5+ {[%emt 0:00:01]} 37. Kc7 {[%emt 0:00:01]} Kh6 {[%emt 0:00:01]} 38. c6 {[%emt 0:00:01]} Kg5 {[%emt 0:00:01]} 39. Kb8 {[%emt 0:00:01]} Rxh2 {[%emt 0:00:00]} 40. c7 {[%emt 0:00:01]} Rb2 {[%emt 0:00:01]} 41. c8=Q {[%emt 0:00:01]} Rb1 {[%emt 0:00:01]} 42. Kxa7 {[%emt 0:00:00]} Rb4 {[%emt 0:00:01]} 43. Qc3 {[%emt 0:00:01]} Rg4 {[%emt 0:00:01]} 44. Kb8 {[%emt 0:00:01]} Rh4 {[%emt 0:00:01]} 45. Kb7 {[%emt 0:00:01]} Rxh5 {[%emt 0:00:01]} 46. Be2 {[%emt 0:00:01]} Kxf5 {[%emt 0:00:01]} 47. Bxh5 {[%emt 0:00:01]} Kg5 {[%emt 0:00:01]} 48. Be2 {[%emt 0:00:00]} Kf4 {[%emt 0:00:01]} 49. Qd4+ {[%emt 0:00:01]} Kg3 {[%emt 0:00:01]} 50. Kb8 {[%emt 0:00:01]} Nc6+ {[%emt 0:00:00]} 51. Kb7 {[%emt 0:00:01] .} Nxd4 {[%emt 0:00:00]} 0-1

[Event "Test Tournament"]
[Site "Emanuel Lasker Arena"]
[Date "2024.04.09"]
[Round "3"]
[White "Kalinda"]
[Black "Hollis"]
[Result "0-1"]
[WhiteElo "2102"]
[BlackElo "1881"]
[Annotator "RC"]
[PlyCount "34"]
[EventDate "2024.04.09"]
[EventType "swiss (blitz)"]

1. c4 {[%emt 0:00:01]} Nf6 {[%emt 0:00:01]} 2. Nc3 {[%emt 0:00:02]} d5 {[%emt 0:00:00]} 3. cxd5 {[%emt 0:00:01]} Nxd5 {[%emt 0:00:01]} 4. g3 {[%emt 0:00:01]} g6 {[%emt 0:00:01]} 5. Bg2 {[%emt 0:00:01]} Nb6 {[%emt 0:00:01]} 6. Nf3 {[%emt 0:00:01]} Bg7 {[%emt 0:00:01]} 7. d4 {[%emt 0:00:01]} Nc6 {[%emt 0:00:01]} 8. Bf4 {[%emt 0:00:02]} Nxd4 {[%emt 0:00:01]} 9. Nxd4 {[%emt 0:00:01]} Bxd4 {[%emt 0:00:01]} 10. Nb5 {[%emt 0:00:05]} e5 {[%emt 0:00:01]} 11. e3 {[%emt 0:00:04]} exf4 {[%emt 0:00:01]} 12. Nxd4 {[%emt 0:00:01]} fxe3 {[%emt 0:00:01]} 13. O-O {[%emt 0:00:02]} Qd6 {[%emt 0:00:04]} 14. fxe3 {[%emt 0:00:03]} O-O {[%emt 0:00:06]} 15. Nb5 {[%emt 0:00:03]} Qe5 {[%emt 0:00:03]} 16. Qb3 {[%emt 0:00:03]} Bf5 {[%emt 0:00:03]} 17. a4 {[%emt 0:00:02]} a6 {[%emt 0:00:03] Time (Lag: Av=0.05s, max=0.1s) .} 0-1

[Event "Test Tournament"]
[Site "Emanuel Lasker Arena"]
[Date "2024.04.09"]
[Round "3"]
[White "MikhailBerg"]
[Black "Irina"]
[Result "1-0"]
[WhiteElo "2094"]
[BlackElo "2113"]
[Annotator "RC"]
[PlyCount "55"]
[EventDate "2024.04.09"]
[EventType "swiss (blitz)"]

1. e4 {[%emt 0:00:01]} e5 {[%emt 0:00:02]} 2. Nf3 {[%emt 0:00:01]} Nc6 {[%emt 0:00:02]} 3. Bb5 {[%emt 0:00:01]} Nf6 {[%emt 0:00:02]} 4. Nc3 {[%emt 0:00:01]} Bb4 {[%emt 0:00:01]} 5. Bc4 {[%emt 0:00:01]} d6 {[%emt 0:00:01]} 6. O-O {[%emt 0:00:01]} Bg4 {[%emt 0:00:01]} 7. h3 {[%emt 0:00:01]} Bh5 {[%emt 0:00:12]} 8. d3 {[%emt 0:00:01]} O-O {[%emt 0:00:05]} 9. g4 {[%emt 0:00:04]} Bxc3 {[%emt 0:00:01]} 10. bxc3 {[%emt 0:00:01]} Nxg4 {[%emt 0:00:01]} 11. hxg4 {[%emt 0:00:01]} Bxg4 {[%emt 0:00:01]} 12. Bg5 {[%emt 0:00:04]} Bxf3 {[%emt 0:00:02]} 13. Bxd8 {[%emt 0:00:01]} Bxd1 {[%emt 0:00:01]} 14. Bxc7 {[%emt 0:00:01]} Bxc2 {[%emt 0:00:03]} 15. a4 {[%emt 0:00:04]} g6 {[%emt 0:00:02]} 16. f4 {[%emt 0:00:04]} exf4 {[%emt 0:00:03]} 17. Rf2 {[%emt 0:00:03]} Rfc8 {[%emt 0:00:12]} 18. Bxd6 {[%emt 0:00:01]} Bxd3 {[%emt 0:00:01]} 19. Bxd3 {[%emt 0:00:01]} g5 {[%emt 0:00:00]} 20. e5 {[%emt 0:00:03]} Re8 {[%emt 0:00:02]} 21. Re1 {[%emt 0:00:03]} h5 {[%emt 0:00:01]} 22. Bc4 {[%emt 0:00:02]} Kg7 {[%emt 0:00:01]} 23. Bd5 {[%emt 0:00:02]} Ne7 {[%emt 0:00:02]} 24. Bxb7 {[%emt 0:00:01]} Nf5 {[%emt 0:00:01]} 25. Bxa8 {[%emt 0:00:01]} Nxd6 {[%emt 0:00:00]} 26. Bd5 {[%emt 0:00:01]} Nf5 {[%emt 0:00:01]} 27. Rh2 {[%emt 0:00:01]} Ne3 {[%emt 0:00:01] '} 28. Bc6 {[%emt 0:00:01] (Lag: Av=0.05s, max=0.1s)} 1-0

[Event "Test Tournament"]
[Site "Emanuel Lasker Arena"]
[Date "2024.04.02"]
[Round "3"]
[White "Toby Ziegler"]
[Black "Jed Bartlet"]
[Result "1-0"]
[WhiteElo "2084"]
[BlackElo "2103"]
[Annotator "RC"]
[PlyCount "101"]
[EventDate "2024.04.02"]
[EventType "swiss (blitz)"]

1. Nf3 {[%emt 0:00:01]} d6 {[%emt 0:00:01]} 2. d4 {[%emt 0:00:01]} Nf6 {[%emt 0:00:01]} 3. c4 {[%emt 0:00:01]} Nbd7 {[%emt 0:00:01]} 4. Nc3 {[%emt 0:00:01]} e5 {[%emt 0:00:01]} 5. e4 {[%emt 0:00:01]} c6 {[%emt 0:00:01]} 6. Be2 {[%emt 0:00:01]} exd4 {[%emt 0:00:00]} 7. Qxd4 {[%emt 0:00:01]} Qb6 {[%emt 0:00:01]} 8. Bf4 {[%emt 0:00:01]} Qxb2 {[%emt 0:00:01]} 9. O-O {[%emt 0:00:01]} Be7 {[%emt 0:00:01]} 10. e5 {[%emt 0:00:01]} Nxe5 {[%emt 0:00:02]} 11. Nxe5 {[%emt 0:00:01]} dxe5 {[%emt 0:00:00]} 12. Bxe5 {[%emt 0:00:00]} O-O {[%emt 0:00:02]} 13. c5 {[%emt 0:00:01]} Bf5 {[%emt 0:00:01]} 14. Nd5 {[%emt 0:00:01]} Qxd4 {[%emt 0:00:02]} 15. Nxe7+ {[%emt 0:00:01]} Kh8 {[%emt 0:00:01]} 16. Bxd4 {[%emt 0:00:00]} Be6 {[%emt 0:00:02]} 17. Rab1 {[%emt 0:00:01]} Rfb8 {[%emt 0:00:02]} 18. Rb2 {[%emt 0:00:01]} Nd7 {[%emt 0:00:01]} 19. Rd1 {[%emt 0:00:01]} Re8 {[%emt 0:00:02]} 20. Bc3 {[%emt 0:00:02]} Rxe7 {[%emt 0:00:01]} 21. Rxb7 {[%emt 0:00:00]} Bxa2 {[%emt 0:00:00]} 22. Ba6 {[%emt 0:00:01]} Bd5 {[%emt 0:00:02]} 23. f3 {[%emt 0:00:04]} f6 {[%emt 0:00:02]} 24. Ba5 {[%emt 0:00:01]} Kg8 {[%emt 0:00:02]} 25. Rc7 {[%emt 0:00:01]} g6 {[%emt 0:00:01]} 26. Bb7 {[%emt 0:00:01]} Rae8 {[%emt 0:00:02]} 27. Bc8 {[%emt 0:00:01]} Nxc5 {[%emt 0:00:01]} 28. Rxe7 {[%emt 0:00:02]} Rxe7 {[%emt 0:00:01]} 29. Bb4 {[%emt 0:00:01]} Rc7 {[%emt 0:00:02]} 30. Bxc5 {[%emt 0:00:01]} Rxc8 {[%emt 0:00:00]} 31. Bxa7 {[%emt 0:00:00]} Re8 {[%emt 0:00:01]} 32. Rd4 {[%emt 0:00:03]} Re2 {[%emt 0:00:01]} 33. Kf1 {[%emt 0:00:02]} Ra2 {[%emt 0:00:02]} 34. Bb8 {[%emt 0:00:01]} Rb2 {[%emt 0:00:01]} 35. Bc7 {[%emt 0:00:02]} h5 {[%emt 0:00:02]} 36. h4 {[%emt 0:00:01]} Ra2 {[%emt 0:00:01]} 37. Kg1 {[%emt 0:00:01]} Kf7 {[%emt 0:00:01]} 38. Bd8 {[%emt 0:00:01]} Re2 {[%emt 0:00:02]} 39. Kf1 {[%emt 0:00:01]} Ra2 {[%emt 0:00:03]} 40. Rd3 {[%emt 0:00:02]} Bc4 {[%emt 0:00:01]} 41. Kg1 {[%emt 0:00:02]} Ra1+ {[%emt 0:00:01]} 42. Kf2 {[%emt 0:00:01]} Bxd3 {[%emt 0:00:00]} 43. Bb6 {[%emt 0:00:01]} Rf1+ {[%emt 0:00:01]} 44. Kg3 {[%emt 0:00:01]} Bb1 {[%emt 0:00:01]} 45. Ba7 {[%emt 0:00:01]} Ke8 {[%emt 0:00:01]} 46. Kh2 {[%emt 0:00:01]} Ba2 {[%emt 0:00:01]} 47. Bc5 {[%emt 0:00:01]} Bf7 {[%emt 0:00:03]} 48. Ba7 {[%emt 0:00:01]} Rd1 {[%emt 0:00:01]} 49. Bb6 {[%emt 0:00:01]} Rd3 {[%emt 0:00:01]} 50. Bg1 {[%emt 0:00:01]} Rd7 {[%emt 0:00:01]} 51. Bb6 {[%emt 0:00:01]} 1-0

[Event "Test Tournament"]
[Site "Emanuel Lasker Arena"]
[Date "2024.04.09"]
[Round "3"]
[White "Toby Ziegler"]
[Black "Don Rodrigo"]
[Result "1-0"]
[WhiteElo "2064"]
[BlackElo "1620"]
[Annotator "RC"]
[PlyCount "63"]
[EventDate "2024.04.09"]
[EventType "swiss (blitz)"]

1. d4 {[%emt 0:00:01]} f5 {[%emt 0:00:01]} 2. Nf3 {[%emt 0:00:01]} Nf6 {[%emt 0:00:02]} 3. g3 {[%emt 0:00:05]} g6 {[%emt 0:00:01]} 4. c4 {[%emt 0:00:01]} d6 {[%emt 0:00:01]} 5. Nc3 {[%emt 0:00:01]} Nc6 {[%emt 0:00:01]} 6. d5 {[%emt 0:00:01]} f4 {[%emt 0:00:07]} 7. dxc6 {[%emt 0:00:01]} g5 {[%emt 0:00:04]} 8. cxb7 {[%emt 0:00:01]} Bxb7 {[%emt 0:00:01]} 9. Nd5 {[%emt 0:00:01]} Ne4 {[%emt 0:00:03]} 10. Qd4 {[%emt 0:00:04]} c6 {[%emt 0:00:03]} 11. Bd2 {[%emt 0:00:01]} cxd5 {[%emt 0:00:01]} 12. Qxh8 {[%emt 0:00:01]} dxc4 {[%emt 0:00:02]} 13. Qxh7 {[%emt 0:00:01]} Qb6 {[%emt 0:00:03]} 14. O-O-O {[%emt 0:00:03]} Nxf2 {[%emt 0:00:01]} 15. Nxg5 {[%emt 0:00:03]} Nxd1 {[%emt 0:00:02]} 16. Qf7+ {[%emt 0:00:01]} Kd7 {[%emt 0:00:01]} 17. Bh3+ {[%emt 0:00:01]} Kc7 {[%emt 0:00:01]} 18. Rxd1 {[%emt 0:00:01]} c3 {[%emt 0:00:02]} 19. Bxc3 {[%emt 0:00:01]} Qe3+ {[%emt 0:00:01]} 20. Kb1 {[%emt 0:00:03]} Rd8 {[%emt 0:00:02]} 21. Qxf4 {[%emt 0:00:02]} Qxe2 {[%emt 0:00:01]} 22. Bg4 {[%emt 0:00:03]} Qxh2 {[%emt 0:00:01]} 23. Ne6+ {[%emt 0:00:02]} Kb8 {[%emt 0:00:01]} 24. Nxd8 {[%emt 0:00:01]} e5 {[%emt 0:00:01]} 25. Nc6+ {[%emt 0:00:01]} Bxc6 {[%emt 0:00:01]} 26. Qxf8+ {[%emt 0:00:01]} Kb7 {[%emt 0:00:01]} 27. Qc8+ {[%emt 0:00:02]} Kb6 {[%emt 0:00:01]} 28. Qb8+ {[%emt 0:00:02]} Bb7 {[%emt 0:00:01]} 29. Rxd6+ {[%emt 0:00:01]} Kc5 {[%emt 0:00:01]} 30. Qc7+ {[%emt 0:00:01]} Kb5 {[%emt 0:00:01]} 31. Qxb7+ {[%emt 0:00:01]} Kc5 {[%emt 0:00:01]} 32. Qd5# {[%emt 0:00:01] (Lag: Av=0.06s, max=0.3s)} 1-0

[Event "Test Tournament"]
[Site "Emanuel Lasker Arena"]
[Date "2024.04.09"]
[Round "3"]
[White "Brutus"]
[Black "Karpovs Shadow"]
[Result "0-1"]
[WhiteElo "2041"]
[BlackElo "1620"]
[Annotator "RC"]
[PlyCount "80"]
[EventDate "2024.04.09"]
[EventType "swiss (blitz)"]

1. d4 {[%emt 0:00:01]} Nf6 {[%emt 0:00:01]} 2. c4 {[%emt 0:00:01]} e6 {[%emt 0:00:01]} 3. Nf3 {[%emt 0:00:01]} d5 {[%emt 0:00:01]} 4. Nc3 {[%emt 0:00:01]} Be7 {[%emt 0:00:01]} 5. Bg5 {[%emt 0:00:01]} O-O {[%emt 0:00:01]} 6. e3 {[%emt 0:00:01]} h6 {[%emt 0:00:05]} 7. Bh4 {[%emt 0:00:01]} b6 {[%emt 0:00:01]} 8. Rc1 {[%emt 0:00:01]} Bb7 {[%emt 0:00:01]} 9. cxd5 {[%emt 0:00:01]} exd5 {[%emt 0:00:01]} 10. Bd3 {[%emt 0:00:04]} Nbd7 {[%emt 0:00:01]} 11. O-O {[%emt 0:00:06]} Ne4 {[%emt 0:00:01]} 12. Bxe7 {[%emt 0:00:01]} Qxe7 {[%emt 0:00:01]} 13. Nxe4 {[%emt 0:00:01]} dxe4 {[%emt 0:00:01]} 14. Rxc7 {[%emt 0:00:01]} Bc8 {[%emt 0:00:01]} 15. Bc4 {[%emt 0:00:02]} Qd6 {[%emt 0:00:01]} 16. Rxd7 {[%emt 0:00:03]} Bxd7 {[%emt 0:00:01]} 17. Ne5 {[%emt 0:00:03]} b5 {[%emt 0:00:07]} 18. Bb3 {[%emt 0:00:03]} a5 {[%emt 0:00:04]} 19. Qc2 {[%emt 0:00:02]} a4 {[%emt 0:00:03]} 20. Qxe4 {[%emt 0:00:03]} axb3 {[%emt 0:00:01]} 21. axb3 {[%emt 0:00:02]} Ra2 {[%emt 0:00:03]} 22. Qb7 {[%emt 0:00:02]} Be6 {[%emt 0:00:03]} 23. Rc1 {[%emt 0:00:02]} Bd5 {[%emt 0:00:01]} 24. Qxb5 {[%emt 0:00:01]} Rb8 {[%emt 0:00:03]} 25. Qe2 {[%emt 0:00:02]} Qe6 {[%emt 0:00:02]} 26. e4 {[%emt 0:00:02]} Ba8 {[%emt 0:00:01]} 27. f4 {[%emt 0:00:02]} Rxb3 {[%emt 0:00:01]} 28. d5 {[%emt 0:00:02]} Bxd5 {[%emt 0:00:01]} 29. exd5 {[%emt 0:00:01]} Qxd5 {[%emt 0:00:01]} 30. Rc8+ {[%emt 0:00:02]} Kh7 {[%emt 0:00:01]} 31. Qc2+ {[%emt 0:00:01]} g6 {[%emt 0:00:01]} 32. Rc7 {[%emt 0:00:02]} Ra1+ {[%emt 0:00:01]} 33. Qc1 {[%emt 0:00:01]} Qd4+ {[%emt 0:00:01]} 34. Kf1 {[%emt 0:00:00]} Rxc1+ {[%emt 0:00:00]} 35. Rxc1 {[%emt 0:00:01]} Rxb2 {[%emt 0:00:01]} 36. Rc2 {[%emt 0:00:01]} Rxc2 {[%emt 0:00:01]} 37. Nxf7 {[%emt 0:00:01]} Kg7 {[%emt 0:00:01]} 38. g3 {[%emt 0:00:01]} Ra2 {[%emt 0:00:01]} 39. h3 {[%emt 0:00:01]} Qe3 {[%emt 0:00:01]} 40. Nd8 {[%emt 0:00:01] .} Kg8 {[%emt 0:00:01]} 0-1

[Event "Test Tournament"]
[Site "Emanuel Lasker Arena"]
[Date "2024.04.09"]
[Round "3"]
[White "Antonella"]
[Black "Alicia"]
[Result "0-1"]
[WhiteElo "2040"]
[BlackElo "2226"]
[Annotator "RC"]
[PlyCount "64"]
[EventDate "2024.04.09"]
[EventType "swiss (blitz)"]
[TimeControl "60"]

1. d4 {[%emt 0:00:01]} Nf6 {[%emt 0:00:01]} 2. c4 {[%emt 0:00:01]} g6 {[%emt 0:00:01]} 3. Nc3 {[%emt 0:00:01]} Bg7 {[%emt 0:00:01]} 4. e4 {[%emt 0:00:00]} d6 {[%emt 0:00:01]} 5. Nf3 {[%emt 0:00:01]} O-O {[%emt 0:00:01]} 6. Be2 {[%emt 0:00:01]} e5 {[%emt 0:00:01]} 7. O-O {[%emt 0:00:01]} Nbd7 {[%emt 0:00:01]} 8. Re1 {[%emt 0:00:01]} c6 {[%emt 0:00:01]} 9. Bf1 {[%emt 0:00:01]} Re8 {[%emt 0:00:01]} 10. d5 {[%emt 0:00:01]} c5 {[%emt 0:00:02]} 11. a4 {[%emt 0:00:04]} Nf8 {[%emt 0:00:01]} 12. Ra3 {[%emt 0:00:01]} h6 {[%emt 0:00:02]} 13. h3 {[%emt 0:00:05]} a5 {[%emt 0:00:03]} 14. Nb5 {[%emt 0:00:02]} g5 {[%emt 0:00:06]} 15. Nd2 {[%emt 0:00:03]} g4 {[%emt 0:00:03]} 16. Nb1 {[%emt 0:00:02]} gxh3 {[%emt 0:00:03]} 17. gxh3 {[%emt 0:00:01]} h5 {[%emt 0:00:03]} 18. Rg3 {[%emt 0:00:01]} h4 {[%emt 0:00:03]} 19. Qd4 {[%emt 0:00:03]} exd4 {[%emt 0:00:01]} 20. Rf3 {[%emt 0:00:03]} Nxe4 {[%emt 0:00:01]} 21. b4 {[%emt 0:00:03]} Ng5 {[%emt 0:00:02]} 22. Nxd6 {[%emt 0:00:03]} Nxf3+ {[%emt 0:00:01]} 23. Kg2 {[%emt 0:00:01]} Nxe1+ {[%emt 0:00:01]} 24. Kh1 {[%emt 0:00:01]} Qxd6 {[%emt 0:00:01]} 25. bxc5 {[%emt 0:00:01]} Qxc5 {[%emt 0:00:01]} 26. Ba3 {[%emt 0:00:03]} Qc7 {[%emt 0:00:01]} 27. Bxf8 {[%emt 0:00:01]} Kxf8 {[%emt 0:00:01]} 28. Na3 {[%emt 0:00:02]} Bxh3 {[%emt 0:00:01]} 29. Nb5 {[%emt 0:00:01]} Qd7 {[%emt 0:00:01]} 30. Kh2 {[%emt 0:00:01]} Bxf1 {[%emt 0:00:01]} 31. d6 {[%emt 0:00:01]} Qg4 {[%emt 0:00:01]} 32. Kh1 {[%emt 0:00:01]} Qg2# {[%emt 0:00:01] (Lag: Av=0.07s, max=0.7s)} 0-1

[Event "Test Tournament"]
[Site "Emanuel Lasker Arena"]
[Date "2024.04.09"]
[Round "3"]
[White "ArrowPlay"]
[Black "LiliBeth"]
[Result "1-0"]
[WhiteElo "2027"]
[BlackElo "1853"]
[Annotator "RC"]
[PlyCount "77"]
[EventDate "2024.04.09"]
[EventType "swiss (blitz)"]

1. d4 {[%emt 0:00:01]} d5 {[%emt 0:00:02]} 2. c4 {[%emt 0:00:01]} e6 {[%emt 0:00:02]} 3. Nc3 {[%emt 0:00:01]} c5 {[%emt 0:00:01]} 4. cxd5 {[%emt 0:00:01]} exd5 {[%emt 0:00:01]} 5. Nf3 {[%emt 0:00:01]} Nc6 {[%emt 0:00:01]} 6. g3 {[%emt 0:00:01]} Nf6 {[%emt 0:00:00]} 7. Bg2 {[%emt 0:00:01]} cxd4 {[%emt 0:00:01]} 8. Nxd4 {[%emt 0:00:01]} Bc5 {[%emt 0:00:01]} 9. Nb3 {[%emt 0:00:01]} Bb6 {[%emt 0:00:01]} 10. O-O {[%emt 0:00:01]} d4 {[%emt 0:00:01]} 11. Na4 {[%emt 0:00:01]} O-O {[%emt 0:00:01]} 12. Bg5 {[%emt 0:00:01]} Re8 {[%emt 0:00:01]} 13. Rc1 {[%emt 0:00:01]} Bf5 {[%emt 0:00:04]} 14. Bxc6 {[%emt 0:00:01]} bxc6 {[%emt 0:00:02]} 15. Nxb6 {[%emt 0:00:01]} axb6 {[%emt 0:00:01]} 16. Nxd4 {[%emt 0:00:01]} Be4 {[%emt 0:00:04]} 17. Nxc6 {[%emt 0:00:01]} Qc7 {[%emt 0:00:04]} 18. Bxf6 {[%emt 0:00:04]} Bxc6 {[%emt 0:00:01]} 19. Qc2 {[%emt 0:00:04]} gxf6 {[%emt 0:00:01]} 20. Qxc6 {[%emt 0:00:01]} Qxc6 {[%emt 0:00:01]} 21. Rxc6 {[%emt 0:00:01]} Rxe2 {[%emt 0:00:02]} 22. Rxb6 {[%emt 0:00:01]} Rxa2 {[%emt 0:00:01]} 23. b4 {[%emt 0:00:03]} Rab2 {[%emt 0:00:02]} 24. Rxf6 {[%emt 0:00:01]} Rxb4 {[%emt 0:00:00]} 25. Rf3 {[%emt 0:00:01]} Kg7 {[%emt 0:00:02]} 26. Rc1 {[%emt 0:00:02]} h6 {[%emt 0:00:02]} 27. Rc7 {[%emt 0:00:02]} Rb1+ {[%emt 0:00:02]} 28. Kg2 {[%emt 0:00:01]} Rd1 {[%emt 0:00:02]} 29. Rcxf7+ {[%emt 0:00:01]} Kh8 {[%emt 0:00:01]} 30. R3f6 {[%emt 0:00:02]} h5 {[%emt 0:00:01]} 31. Kh3 {[%emt 0:00:02]} Ra2 {[%emt 0:00:01]} 32. Kh4 {[%emt 0:00:02]} Rd5 {[%emt 0:00:01]} 33. h3 {[%emt 0:00:01]} Kg8 {[%emt 0:00:01]} 34. f4 {[%emt 0:00:01]} Rda5 {[%emt 0:00:01]} 35. g4 {[%emt 0:00:01]} Rh2 {[%emt 0:00:01]} 36. g5 {[%emt 0:00:01]} Raa2 {[%emt 0:00:01]} 37. Kxh5 {[%emt 0:00:01]} Rxh3+ {[%emt 0:00:00]} 38. Kg6 {[%emt 0:00:01]} Ra7 {[%emt 0:00:01]} 39. Rf8# {[%emt 0:00:01] (Lag: Av=0.08s, max=0.7s)} 1-0